Statistics for Largest Landlocked Countries A-Z

Click here to take the quiz!

General Stats

  • This quiz has been taken 1,622 times
    (1,407 since last reset)
  • The average score is 12 of 16

Answer Stats

Letter Country % Correct
KKazakhstan
90%
ZZambia
89%
BBolivia
85%
HHungary
83%
MMongolia
83%
UUzbekistan
82%
CChad
81%
TTurkmenistan
78%
EEthiopia
76%
PParaguay
76%
NNiger
75%
RRwanda
75%
VVatican City
75%
AAfghanistan
72%
LLaos
70%
SSouth Sudan
58%

Score Distribution

Percentile by Number Answered

Percent of People with Each Score

Your Score History

You have not taken this quiz since the last reset